000 00406cam a22001097a 4500
008 180718b1970 xxu||||| |||| 00| 0 eng d
082 _aR11065x5444 M999/1969-70
245 _aEmployment review of Mysore State
_cby The Directorate of Employment and Training
260 _aBangalore
_bDirectorate of Employment and Training
_c1970
500 _a1969-70
700 _aMysore. Directorate of Employment and Training
999 _c495670
_d495670